[Event "only players under 2000"]
[Site "SchemingMind.com"]
[Date "2017.12.20"]
[Round "-"]
[White "Allan Sedstrem"]
[Black "Wojtek26"]
[Result "1-0"]
[WhiteCountry "SCO"]
[BlackCountry "POL"]
[WhiteElo "1510"]
[WhiteRD "77"]
[BlackElo "1457"]
[BlackRD "52"]
[GameID "422139"]

1. d4 d5 2. c4 e6 3. e3 Nf6 4. Nf3 Bb4+ 5. Bd2 Bxd2+ 6. Nbxd2 O-O 7. Bd3 Nbd7 8. O-O c5 9. Nb3 cxd4 10. Nfxd4 Nb6
11. Rc1 Bd7 12. c5 Nc4 13. Bxc4 dxc4 14. Rxc4 e5 15. Nc2 Bb5 16. Qxd8 Raxd8 17. Rb4 Bxf1 18. Kxf1 Rd1+ 19. Ke2 Rh1 20. h4 Rb8
21. c6 b6 22. Ne1 Nd5 23. Rb5 Nc7 24. Rxe5 Rxh4 25. Re7 Nd5 26. Rd7 Nb4 27. c7
1-0

[Event "only players under 2000"]
[Site "SchemingMind.com"]
[Date "2017.12.21"]
[Round "-"]
[White "Black Knight"]
[Black "Scooter"]
[Result "0-1"]
[WhiteCountry "USA"]
[BlackCountry "USA"]
[WhiteElo "1304"]
[WhiteRD "47"]
[BlackElo "1671"]
[BlackRD "51"]
[GameID "422194"]

1. e4 c6 2. Nf3 d5 3. Nc3 dxe4 4. Nxe4 Bf5 5. Bd3 Bxe4 6. Bxe4 Nf6 7. d3 Nxe4 8. dxe4 Qxd1+ 9. Kxd1 g6 10. Be3 Bg7
11. Ke2 O-O 12. Rhd1 b6 13. Bf4 Bxb2 14. Rab1 Bg7 15. Rd3 c5 16. Rbd1 Nc6 17. c3 Rad8 18. Rxd8 Rxd8 19. Rxd8+ Nxd8 20. Be5 Nc6
21. Bxg7 Kxg7 22. Ng5 h6 23. Nf3 e5 24. Ke3 f6 25. Nd2 b5 26. c4 a6 27. cxb5 axb5 28. a3 Nd4 29. Nf3 Nc2+ 30. Kd3 Nxa3
31. Kc3 Nc4 32. Nd2 Nxd2 33. Kxd2 f5 34. f3 fxe4 35. fxe4 Kf6 36. h4 g5 37. g3 gxh4 38. gxh4 Kg6
0-1

[Event "only players under 2000"]
[Site "SchemingMind.com"]
[Date "2017.12.21"]
[Round "-"]
[White "Scooter"]
[Black "Black Knight"]
[Result "1-0"]
[WhiteCountry "USA"]
[BlackCountry "USA"]
[WhiteElo "1685"]
[WhiteRD "55"]
[BlackElo "1351"]
[BlackRD "51"]
[GameID "422195"]

1. d4 Nf6 2. Nf3 g6 3. Bf4 d6 4. e3 Nc6 5. Bb5 Bd7 6. O-O Bg7 7. h3 O-O 8. Nbd2 Ne4 9. Nxe4 e5 10. dxe5 dxe5
11. Bxc6 Bxc6 12. Qxd8 Raxd8 13. Bg5 Bxe4 14. Bxd8 Rxd8 15. c3 Bxf3 16. gxf3 Rd2 17. Rab1 c5 18. Rfd1 Rxd1+ 19. Rxd1 Bf6 20. e4 b5
21. Rd5
1-0

[Event "only players under 2000"]
[Site "SchemingMind.com"]
[Date "2017.12.21"]
[Round "-"]
[White "pmdpsp"]
[Black "Scooter"]
[Result "1-0"]
[WhiteCountry "GER"]
[BlackCountry "USA"]
[WhiteElo "1837"]
[WhiteRD "82"]
[BlackElo "1671"]
[BlackRD "51"]
[GameID "422196"]

1. c4 Nf6 2. Nc3 g6 3. d4 Bg7 4. e4 d6 5. Nf3 Bg4 6. Be2 Bxf3 7. Bxf3 O-O 8. O-O e5 9. d5 c6 10. Bg5 c5
11. a3 Nbd7 12. b4 b6 13. Nb5 Qb8 14. Ra2 a6 15. Nc3 b5 16. cxb5 axb5 17. Bxf6 Nxf6 18. bxc5 dxc5 19. Qb3 Ra5 20. Rb1 b4
21. axb4 Rxa2 22. Nxa2 cxb4 23. Nxb4 Bh6 24. Qd1 Qd6 25. Nc6 Nd7 26. Na5 Nc5 27. Nc4 Qf6 28. d6 Rd8 29. Rb5 Nd7 30. Bg4 Bf8
31. Bxd7 Rxd7 32. Rxe5 Rxd6 33. Rd5 Rxd5 34. exd5 Bc5 35. Ne3 Qd6 36. g3 f5 37. Qb3 Kf8 38. Qb7 Qe7 39. Qb8+ Kg7 40. Qf4 h6
41. h4 Qd6 42. Qxd6 Bxd6 43. Nc4 Bc7 44. Kf1 Kf6 45. Ke2 g5 46. hxg5+ hxg5 47. Kd3 g4 48. Kd4 f4 49. d6 Bb8 50. Kd5 fxg3
51. fxg3 Kf5 52. Ne3+ Kg5 53. Kc6
1-0

[Event "only players under 2000"]
[Site "SchemingMind.com"]
[Date "2017.12.21"]
[Round "-"]
[White "Scooter"]
[Black "pmdpsp"]
[Result "0-1"]
[WhiteCountry "USA"]
[BlackCountry "GER"]
[WhiteElo "1671"]
[WhiteRD "51"]
[BlackElo "1837"]
[BlackRD "82"]
[GameID "422197"]

1. d4 g6 2. Nf3 Bg7 3. Bf4 c5 4. e3 Nc6 5. c3 cxd4 6. exd4 Qa5 7. Nbd2 d6 8. Qb3 Nh6 9. Bb5 O-O 10. O-O Nf5
11. Nc4 Qc7 12. Bxc6 bxc6 13. Qc2 a5 14. Rfe1 Re8 15. g4 Nh6 16. Bxd6 Qd7 17. Nfe5 Bxe5 18. Bxe5 Qxg4+ 19. Bg3 Be6 20. Ne5 Qh3
21. c4 Bf5 22. Qe2 f6 23. Nxc6 Nf7 24. Nxe7+ Kf8 25. Qf3 Bg4 26. Qb7 Ng5 27. Nxg6+ hxg6 28. Rxe8+ Rxe8 29. Qg2 Qh5 30. d5 Bf3
31. Bd6+ Kf7 32. Qg3 Ne4 33. Qf4 Qh3
0-1

[Event "only players under 2000"]
[Site "SchemingMind.com"]
[Date "2017.12.21"]
[Round "-"]
[White "Scooter"]
[Black "ampp"]
[Result "1-0"]
[WhiteCountry "USA"]
[BlackCountry "POR"]
[WhiteElo "1685"]
[WhiteRD "55"]
[BlackElo "1326"]
[BlackRD "62"]
[GameID "422198"]

1. d4 d5 2. Nf3 Nf6 3. Bf4 Nc6 4. e3 e6 5. Bb5 Bd7 6. O-O a6 7. Bxc6 Bxc6 8. Nbd2 Bd6 9. Bxd6 cxd6 10. c4 dxc4
11. Nxc4 O-O 12. Rc1 d5 13. Nce5 Bb5 14. Re1 Rc8 15. Rxc8 Qxc8 16. Nd2 Ne4 17. Nxe4 dxe4 18. Qg4 f5 19. Qd1 Rd8 20. Qh5 Be8
21. Qd1 b5 22. Qd2 g5 23. Rc1 Qb8 24. Qa5 Qb7= 25. Qxd8 Kf8 26. Rc7
1-0

[Event "only players under 2000"]
[Site "SchemingMind.com"]
[Date "2017.12.21"]
[Round "-"]
[White "ampp"]
[Black "Scooter"]
[Result "0-1"]
[WhiteCountry "POR"]
[BlackCountry "USA"]
[WhiteElo "1290"]
[WhiteRD "63"]
[BlackElo "1671"]
[BlackRD "51"]
[GameID "422199"]

1. d4 d5 2. c4 Nf6 3. Nc3 e6 4. Nf3 b6 5. cxd5 Nxd5 6. Nxd5 exd5 7. e3 Bb4+ 8. Bd2 Bxd2+ 9. Qxd2 Bb7 10. Bb5+ c6
11. Ba4 O-O 12. O-O Nd7 13. b4 Re8 14. Bc2 g6 15. Rfe1 Nf6 16. h3 Ne4 17. Bxe4 Rxe4 18. Qd3 Qf6 19. Nd2 Ree8 20. e4 Qd6
21. a3 f6 22. e5 fxe5 23. dxe5 Rxe5 24. Rxe5 Qxe5 25. Rc1 Re8 26. Nf3 Qe4 27. Qxe4 Rxe4 28. Ng5 Re2 29. Kf1 Ba6 30. Kg1 Ra2
31. Rxc6 Rxa3 32. Rc7 Be2 33. Rxh7 d4 34. Rd7 d3 35. Ne4 a5 36. bxa5 bxa5 37. Nd2 a4 38. Nb1 Ra1 39. Rb7 d2
0-1

[Event "only players under 2000"]
[Site "SchemingMind.com"]
[Date "2017.12.22"]
[Round "-"]
[White "Scooter"]
[Black "kenneth m day"]
[Result "0-1"]
[WhiteCountry "USA"]
[BlackCountry "USA"]
[WhiteElo "1671"]
[WhiteRD "51"]
[BlackElo "1731"]
[BlackRD "61"]
[GameID "422200"]

1. d4 Nf6 2. Nf3 d6 3. Bg5 h6 4. Bxf6 exf6 5. e4 Be7 6. Nbd2 O-O 7. Bd3 c5 8. c3 Nc6 9. d5 Ne5 10. Nxe5 fxe5
11. O-O Bg5 12. Nf3 Bg4 13. h3 Bd7 14. Nxg5 Qxg5 15. Kh1 Qh4 16. Qe1 Bxh3
0-1

[Event "only players under 2000"]
[Site "SchemingMind.com"]
[Date "2017.12.22"]
[Round "-"]
[White "kenneth m day"]
[Black "Scooter"]
[Result "1-0"]
[WhiteCountry "USA"]
[BlackCountry "USA"]
[WhiteElo "1759"]
[WhiteRD "62"]
[BlackElo "1656"]
[BlackRD "56"]
[GameID "422201"]

1. e4 c6 2. c4 d5 3. cxd5 cxd5 4. exd5 Qxd5 5. d4 Nf6 6. Nf3 Bg4 7. Nc3 Qd8 8. Be2 e6 9. Qb3 b6 10. Qa4+ Nbd7
11. O-O Be7 12. Bf4 O-O 13. h3 Bf5 14. Rac1 a6 15. Ne5 Nxe5 16. dxe5 b5 17. Qd1 Qxd1 18. Rfxd1 Ne4 19. Bf3 Nxc3 20. Rxc3 Bb4
21. Rc7 Rfc8 22. Rdc1 Rxc7 23. Rxc7 Ba5 24. Rd7 Rd8 25. Ra7 h6 26. Rxa6 Bc7 27. Ra7 Bb8 28. Rb7 Bd3 29. Bc6 f6 30. Bxb5 Bxb5
31. Rxb5
1-0

[Event "only players under 2000"]
[Site "SchemingMind.com"]
[Date "2017.12.23"]
[Round "-"]
[White "Scooter"]
[Black "Wojtek26"]
[Result "1-0"]
[WhiteCountry "USA"]
[BlackCountry "POL"]
[WhiteElo "1671"]
[WhiteRD "51"]
[BlackElo "1457"]
[BlackRD "52"]
[GameID "422202"]

1. d4 d5 2. Nf3 Nf6 3. Bf4 e6 4. e3 g6 5. Be2 Bg7 6. O-O O-O 7. Nbd2 Nbd7 8. c4 c5 9. cxd5 Nxd5 10. Bg3 cxd4
11. exd4 b6 12. Bb5 a6 13. Bc6 Rb8 14. Bxd5 exd5 15. Bxb8 Qc7 16. Bxc7
1-0

[Event "only players under 2000"]
[Site "SchemingMind.com"]
[Date "2017.12.26"]
[Round "-"]
[White "Wojtek26"]
[Black "Scooter"]
[Result "0-1"]
[WhiteCountry "POL"]
[BlackCountry "USA"]
[WhiteElo "1457"]
[WhiteRD "52"]
[BlackElo "1671"]
[BlackRD "51"]
[GameID "422203"]

1. d4 Nf6 2. c4 g6 3. e3 Bg7 4. Nf3 O-O 5. Be2 d6 6. O-O Bg4 7. h3 Bxf3 8. Bxf3 c6 9. Nc3 Nbd7 10. Ne4 Nxe4
11. Bxe4 e5 12. d5 c5 13. Bd2 Nf6 14. Bc2 e4 15. Rb1 Re8 16. Bc3 a6 17. Bxf6 Bxf6 18. Qg4 b5 19. b3 b4 20. Bxe4 Be5
21. Qf3 a5 22. Qg4 a4 23. Qe2 axb3 24. axb3 Ra3 25. Qc2 Qe7 26. Rfe1 Bc3 27. Red1 Qxe4 28. Qxe4 Rxe4 29. f3 Rxe3
0-1

[Event "only players under 2000"]
[Site "SchemingMind.com"]
[Date "2017.12.21"]
[Round "-"]
[White "Scooter"]
[Black "Allan Sedstrem"]
[Result "1/2-1/2"]
[WhiteCountry "USA"]
[BlackCountry "SCO"]
[WhiteElo "1671"]
[WhiteRD "51"]
[BlackElo "1510"]
[BlackRD "77"]
[GameID "422204"]

1. d4 d5 2. Nf3 g6 3. Bf4 Bg7 4. e3 Nf6 5. h3 Nbd7 6. Be2 O-O 7. O-O Ne4 8. Nbd2 Ndf6 9. c4 e6 10. cxd5 exd5
11. Rc1 c6 12. Nxe4 Nxe4 13. Bd3 f5 14. Bxe4 fxe4 15. Ne5 Bxe5 16. Bxe5 Rf5 17. Qb3 Qe7 18. Qc2 Be6 19. a3 Kf7 20. b4 h5
21. Qc5 Qxc5 22. Rxc5 Rc8 23. Rfc1 Rg5 24. Kf1 h4 25. b5 Bd7 26. bxc6 Rxc6 27. Rxc6 Bxc6 28. a4 Ke6 29. a5 a6 30. Bf4 Rf5
31. Ke2 g5 32. Be5 Bb5+ 33. Ke1 Bc6 34. Rc2 Ke7 35. Bb8 Ke6 36. g4 Rf3 37. Bc7 Rxh3 38. Bd8 Rh1+ 39. Kd2 Rg1 40. Bxg5 h3
41. Bf4 Kf6 42. Rc1 Rxc1 43. Kxc1 Bd7 44. g5+ Kg6 45. Kb2 h2 46. Bxh2 Kxg5 47. Kb3 Kg4 48. Kb4 Kf3 49. Bg3 Bc6 50. Kc5=
1/2-1/2

[Event "only players under 2000"]
[Site "SchemingMind.com"]
[Date "2017.12.22"]
[Round "-"]
[White "Allan Sedstrem"]
[Black "Scooter"]
[Result "1-0"]
[WhiteCountry "SCO"]
[BlackCountry "USA"]
[WhiteElo "1510"]
[WhiteRD "77"]
[BlackElo "1671"]
[BlackRD "51"]
[GameID "422205"]

1. c4 Nf6 2. d4 g6 3. Bf4 Bg7 4. Nf3 O-O 5. Nc3 d6 6. h3 Nbd7 7. e3 Re8 8. Bd3 e5 9. Bh2 exd4 10. Nxd4 Nc5
11. O-O Nxd3 12. Qxd3 Bd7 13. Rfd1 c6 14. Nf3 Bf8 15. Bxd6 Bxd6 16. Qxd6 Re6 17. Qb4 b6 18. b3 c5 19. Qa3 Qe7 20. Rd2 Ne4
21. Nxe4 Rxe4 22. Rad1 Bf5 23. Rd5 Qf6 24. Qc1 Bxh3 25. gxh3 Qxf3 26. Qb2 f6 27. Rd6 Kf7 28. Rd7+ Re7 29. Rxe7+ Kxe7 30. Qd2 Qxh3
31. Qd6+ Kf7 32. Qc7+ Kg8 33. Rd8+ Rxd8 34. Qxd8+ Kf7 35. Qc7+ Kg8 36. Qxa7 Qg4+ 37. Kf1 Qd1+ 38. Kg2 Qg4+ 39. Kf1 Qe6 40. Ke2 h5
41. Qb8+ Kh7 42. Qd8 h4 43. Qc7+ Kh6 44. f4 h3 45. Qb7 Qg4+ 46. Qf3 f5 47. Kf2 Qh4+ 48. Qg3 Kh5 49. Qxh4+ Kxh4 50. Kg1 Kg3
51. a3 Kf3 52. b4 Kxe3 53. bxc5
1-0

[Event "only players under 2000"]
[Site "SchemingMind.com"]
[Date "2017.12.26"]
[Round "-"]
[White "maro"]
[Black "Black Knight"]
[Result "1-0"]
[WhiteCountry "MEX"]
[BlackCountry "USA"]
[WhiteElo "1477"]
[WhiteRD "72"]
[BlackElo "1304"]
[BlackRD "47"]
[GameID "422243"]

1. e4 e5 2. d4 exd4 3. Bd3 Bc5 4. e5 d6 5. exd6 Bxd6 6. Nf3 Bg4 7. Bg5 Nf6 8. O-O Nbd7 9. Re1+ Be6 10. Nxd4 Nc5
11. Bb5+ c6 12. Nxc6 bxc6 13. Bxc6+ Ke7 14. Bxa8 Qxa8 15. Nc3 Rd8 16. Nd5+ Kf8 17. c4 Bxd5 18. cxd5 Re8 19. Qf3 Nxd5 20. Rxe8+ Qxe8
21. Qxd5 Ne4 22. Re1 h6 23. Rxe4 Qd7 24. Bf4 Qc7 25. Bxd6+
1-0

[Event "only players under 2000"]
[Site "SchemingMind.com"]
[Date "2017.12.26"]
[Round "-"]
[White "Black Knight"]
[Black "maro"]
[Result "0-1"]
[WhiteCountry "USA"]
[BlackCountry "MEX"]
[WhiteElo "1304"]
[WhiteRD "47"]
[BlackElo "1477"]
[BlackRD "72"]
[GameID "422244"]

1. e4 e5 2. Nf3 Nc6 3. Bb5 Qf6 4. Bxc6 Qxc6 5. d3 Bc5 6. Nc3 Nf6 7. O-O d6 8. Bg5 Ng4 9. Re1 Bxf2+ 10. Kh1 Bxe1
11. Qxe1 O-O 12. h3 h6 13. hxg4 hxg5 14. Nxg5 f6 15. Nh3 Bxg4 16. Qg3 Qd7 17. Nf2 Be6 18. Nd5 g5 19. Kg1 c6 20. Ne3 Rf7
21. Kf1 d5 22. Nf5 dxe4 23. dxe4 Bc4+ 24. Kg1 Rh7 25. b3 Be6 26. Rd1 Qc8 27. Ng4 Qf8 28. c4 Bxf5 29. exf5 Rd8 30. Qf3 Qc5+
31. Qf2 Rxd1#
0-1

[Event "only players under 2000"]
[Site "SchemingMind.com"]
[Date "2017.12.26"]
[Round "-"]
[White "maro"]
[Black "pmdpsp"]
[Result "0-1"]
[WhiteCountry "MEX"]
[BlackCountry "GER"]
[WhiteElo "1388"]
[WhiteRD "66"]
[BlackElo "1804"]
[BlackRD "81"]
[GameID "422245"]

1. e4 e5 2. d4 Nc6 3. d5 Nce7 4. Nf3 d6 5. Nc3 f5 6. Bd3 Nf6 7. exf5 Nxf5 8. O-O Be7 9. Re1 O-O 10. Nh4 Nxh4
11. g3 Bh3 12. gxh4 Ng4 13. f3 Bxh4 14. Bxh7+ Kxh7 15. Qd3+ g6 16. fxg4 Bf2+ 17. Kh1 Bxg4 18. Re4 Bf3+ 19. Qxf3 Rxf3
0-1

[Event "only players under 2000"]
[Site "SchemingMind.com"]
[Date "2017.12.26"]
[Round "-"]
[White "pmdpsp"]
[Black "maro"]
[Result "1-0"]
[WhiteCountry "GER"]
[BlackCountry "MEX"]
[WhiteElo "1804"]
[WhiteRD "81"]
[BlackElo "1388"]
[BlackRD "66"]
[GameID "422246"]

1. e4 e5 2. Nf3 Nc6 3. Bc4 Nf6 4. d3 Bc5 5. c3 Ng4 6. d4 exd4 7. cxd4 Nxd4 8. Nxd4 Nxf2 9. Bxf7+ Kxf7 10. Qh5+ g6
11. Qd5+ Kg7 12. Qxc5 Ng4 13. O-O d6 14. Qc3 Ne5 15. Qe3 h5 16. Nc3 c6 17. Nf5+ gxf5 18. exf5 Kf6 19. Qg3 h4 20. Bg5+ Kf7
21. Qf4 Qg8 22. Ne4 Qf8 23. Rad1 d5 24. Qxe5 dxe4 25. Qc7+ Kg8 26. Rd8
1-0

[Event "only players under 2000"]
[Site "SchemingMind.com"]
[Date "2017.12.26"]
[Round "-"]
[White "maro"]
[Black "Scooter"]
[Result "1-0"]
[WhiteCountry "MEX"]
[BlackCountry "USA"]
[WhiteElo "1388"]
[WhiteRD "66"]
[BlackElo "1679"]
[BlackRD "56"]
[GameID "422247"]

1. e4 c6 2. d4 d5 3. e5 Bf5 4. Bd3 Bxd3 5. Qxd3 e6 6. Nf3 Nd7 7. O-O c5 8. dxc5 Bxc5 9. Be3 Qc7 10. Nbd2 Bxe3
11. fxe3 a6 12. e4 Nxe5 13. Nxe5 Qxe5 14. exd5 Qxd5 15. Qxd5 exd5 16. Rae1+ Kd7 17. c4 Nf6 18. cxd5 Nxd5 19. Rxf7+ Kc6 20. Re6+ Kc5
21. Nb3+ Kc4 22. Re4+ Kd3 23. Rd4+
1-0

[Event "only players under 2000"]
[Site "SchemingMind.com"]
[Date "2017.12.26"]
[Round "-"]
[White "Scooter"]
[Black "maro"]
[Result "1-0"]
[WhiteCountry "USA"]
[BlackCountry "MEX"]
[WhiteElo "1679"]
[WhiteRD "56"]
[BlackElo "1388"]
[BlackRD "66"]
[GameID "422248"]

1. d4 d5 2. Nf3 Nf6 3. Bf4 e6 4. e3 Be7 5. Be2 O-O 6. O-O Nc6 7. Nbd2 Bd6 8. Bxd6 Qxd6 9. c3 e5 10. dxe5 Nxe5
11. Nxe5 Qxe5 12. Nf3 Qd6 13. h3 b6 14. c4 Ba6 15. cxd5 Bxe2 16. Qxe2 Qxd5 17. Rfd1 Qc6 18. Nd4 Qd7 19. Rac1 c5 20. Nb5 Qc6
21. Rd6 Qb7 22. Rcd1 a6 23. Nc3 h6 24. Rxf6 gxf6 25. Qg4+ Kh8 26. Ne4 Rg8 27. Qf5 Rg6 28. Rd7 Qc8 29. h4 Qg8 30. g3 Qh7
31. Qd5 Rf8 32. Qd6 f5 33. Qxf8+ Rg8 34. Qxf7 Rg7 35. Rd8+ Rg8 36. Qxh7+ Kxh7 37. Nf6+
1-0

[Event "only players under 2000"]
[Site "SchemingMind.com"]
[Date "2017.12.26"]
[Round "-"]
[White "maro"]
[Black "ampp"]
[Result "1-0"]
[WhiteCountry "MEX"]
[BlackCountry "POR"]
[WhiteElo "1388"]
[WhiteRD "66"]
[BlackElo "1317"]
[BlackRD "69"]
[GameID "422249"]

1. e4 e5 2. d4 Nf6 3. dxe5 Nxe4 4. Bc4 Bc5 5. Bxf7+ Kxf7 6. Qf3+ Ke8 7. Qxe4 Nc6 8. Be3 Bxe3 9. Qxe3 b6 10. Nf3 h6
11. e6 dxe6 12. Qe4 Qd7 13. Ne5 Qd5 14. Qg6+ Ke7 15. Qxg7+ Kd6 16. Nf7+ Kc5 17. Qxh8 Qe4+ 18. Kd2 Qf4+ 19. Kd1 Qxf7 20. Qc3+ Kb5
21. Qd3+ Kc5 22. Qe3+ Kb5 23. Na3+ Ka6 24. Qe4 Kb7 25. Kd2 Qxf2+ 26. Kc3 Bd7 27. b3 Qc5+ 28. Nc4 b5 29. b4 Qxb4+ 30. Kd3 Rd8
31. Ke3 bxc4 32. Rab1
1-0

[Event "only players under 2000"]
[Site "SchemingMind.com"]
[Date "2017.12.26"]
[Round "-"]
[White "ampp"]
[Black "maro"]
[Result "1-0"]
[WhiteCountry "POR"]
[BlackCountry "MEX"]
[WhiteElo "1317"]
[WhiteRD "69"]
[BlackElo "1388"]
[BlackRD "66"]
[GameID "422250"]

1. e4 e5 2. Nf3 Nc6 3. Bc4 Bc5 4. O-O Nf6 5. Nc3 O-O 6. d3 d6 7. Re1 Ng4 8. Be3 Bxe3 9. fxe3 Qe7 10. h3 Nf6
11. a3 Be6 12. Bxe6 Qxe6 13. d4 exd4 14. exd4 Qe7 15. d5 Ne5 16. Nxe5 Qxe5 17. Nb5 c5 18. b4 a6 19. Nxd6 Qxd6 20. e5 Qb6
21. exf6 Qxf6 22. bxc5 Rac8 23. c6 bxc6 24. d6 Rcd8 25. d7 Qc3 26. Qd3 Qc5+ 27. Kh1 f5 28. Re2 Rf7 29. Re8+ Rxe8 30. dxe8=Q+ Rf8
31. Qe6+ Kh8 32. Qdd7 Qc3 33. Rd1 h5 34. Qdxc6 Qg3 35. Rd3 Qb8 36. Qcd7 Rd8 37. Qxd8+ Qxd8 38. Rxd8+
1-0

[Event "only players under 2000"]
[Site "SchemingMind.com"]
[Date "2017.12.26"]
[Round "-"]
[White "maro"]
[Black "kenneth m day"]
[Result "0-1"]
[WhiteCountry "MEX"]
[BlackCountry "USA"]
[WhiteElo "1439"]
[WhiteRD "63"]
[BlackElo "1717"]
[BlackRD "58"]
[GameID "422251"]

1. e4 e5 2. d4 exd4 3. Bd3 Nc6 4. Nf3 d6 5. O-O Nf6 6. c4 dxc3 7. Nxc3 Bg4 8. Bg5 Be7 9. h3 Bd7 10. Bc4 O-O
11. Qc2 Ne5 12. Nxe5 dxe5 13. f4 exf4 14. Bxf4 Nh5 15. e5 Be6 16. Ne4 Qd4+ 17. Rf2 Nxf4 18. g3 Nxh3+ 19. Kg2 Nxf2 20. Nxf2 Bxc4
21. Rd1 Bd5+ 22. Kf1 Qc4+ 23. Nd3 Qxc2
0-1

[Event "only players under 2000"]
[Site "SchemingMind.com"]
[Date "2017.12.26"]
[Round "-"]
[White "kenneth m day"]
[Black "maro"]
[Result "1-0"]
[WhiteCountry "USA"]
[BlackCountry "MEX"]
[WhiteElo "1722"]
[WhiteRD "59"]
[BlackElo "1466"]
[BlackRD "64"]
[GameID "422252"]

1. e4 e5 2. f4 exf4 3. Nf3 Nf6 4. e5 Nd5 5. Nc3 Nxc3 6. dxc3 Bc5 7. Bxf4 d6 8. Be2 O-O 9. Qd2 Bf5 10. O-O-O Be6
11. exd6 cxd6 12. Kb1 Nc6 13. Bxd6 Bxd6 14. Qxd6 Qxd6 15. Rxd6 a6 16. Rhd1 h6 17. Nd4 Rfe8 18. Nxe6 fxe6 19. Bc4 Kf7 20. Rd7+ Ne7
21. Re1 Rad8 22. Bxe6+ Kg6 23. Rdd1 Rxd1+ 24. Rxd1 Kh7 25. Bc4 Nf5 26. a3 Ne3 27. Bd3+ g6 28. Rd2 b5 29. Rf2 Nd1 30. Rf7+ Kg8
31. Bxg6 Re1 32. Ka2 a5 33. Ra7 a4 34. Bf7+ Kf8 35. Bh5 Re7 36. Rxe7 Kxe7 37. Bxd1
1-0

[Event "only players under 2000"]
[Site "SchemingMind.com"]
[Date "2017.12.26"]
[Round "-"]
[White "maro"]
[Black "Wojtek26"]
[Result "0-1"]
[WhiteCountry "MEX"]
[BlackCountry "POL"]
[WhiteElo "1388"]
[WhiteRD "66"]
[BlackElo "1425"]
[BlackRD "58"]
[GameID "422253"]

1. e4 e5 2. d4 exd4 3. Qxd4 Nc6 4. Qe3 b6 5. Bc4 Nf6 6. e5 Ng4 7. Qg3 Ngxe5 8. Bd5 Rb8 9. Bxc6 Nxc6 10. Bg5 f6
11. Bf4 Qe7+ 12. Ne2 Nd4 13. O-O Nxe2+
0-1

[Event "only players under 2000"]
[Site "SchemingMind.com"]
[Date "2017.12.26"]
[Round "-"]
[White "Wojtek26"]
[Black "maro"]
[Result "0-1"]
[WhiteCountry "POL"]
[BlackCountry "MEX"]
[WhiteElo "1498"]
[WhiteRD "62"]
[BlackElo "1439"]
[BlackRD "63"]
[GameID "422254"]

1. d4 Nf6 2. e3 d5 3. Nf3 e6 4. Bb5+ Bd7 5. Bxd7+ Qxd7 6. O-O Bd6 7. Nbd2 O-O 8. Qe2 Nc6 9. c4 e5 10. c5 Be7
11. a3 b6 12. b4 bxc5 13. bxc5 e4 14. Ne1 a6 15. f3 exf3 16. Nexf3 Rfe8 17. Qd3 g6 18. Ne5 Nxe5 19. dxe5 Ng4 20. Nf3 Bxc5
21. h3 Nxe5 22. Nxe5 Rxe5 23. Bb2 Rxe3
0-1

[Event "only players under 2000"]
[Site "SchemingMind.com"]
[Date "2017.12.26"]
[Round "-"]
[White "maro"]
[Black "Allan Sedstrem"]
[Result "0-1"]
[WhiteCountry "MEX"]
[BlackCountry "SCO"]
[WhiteElo "1439"]
[WhiteRD "63"]
[BlackElo "1490"]
[BlackRD "72"]
[GameID "422255"]

1. e4 e5 2. d4 Nf6 3. Nf3 c6 4. dxe5 Nxe4 5. Bc4 h6 6. O-O d6 7. exd6 Nxd6 8. Bxf7+ Nxf7 9. Nc3 Nd7 10. Re1+ Be7
11. Nh4 O-O 12. Ng6 Re8 13. b3 Bf6 14. Bb2 Rxe1+ 15. Qxe1 Nf8 16. Nf4 b5 17. Rd1 Qa5 18. Ng6 Nxg6 19. Qe8+ Nf8 20. Qxc6 Rb8
21. Rd5 a6 22. a4 Bb7 23. Qc5 Bxd5 24. Qxd5 Bxc3 25. Bxc3 Qxc3
0-1

[Event "only players under 2000"]
[Site "SchemingMind.com"]
[Date "2017.12.26"]
[Round "-"]
[White "Allan Sedstrem"]
[Black "maro"]
[Result "1-0"]
[WhiteCountry "SCO"]
[BlackCountry "MEX"]
[WhiteElo "1490"]
[WhiteRD "72"]
[BlackElo "1439"]
[BlackRD "63"]
[GameID "422256"]

1. c4 e5 2. Nc3 Nf6 3. e3 Bc5 4. Nf3 Nc6 5. Na4 Qe7 6. Nxc5 Qxc5 7. d3 O-O 8. a4 d5 9. b3 dxc4 10. dxc4 Ne4
11. Ba3 Qa5+ 12. Nd2 Nc3 13. Qc2 Rd8 14. Bd3 e4 15. Bf1 Ne5 16. b4 Qxa4 17. Qxc3 Nd3+ 18. Bxd3 Rxd3 19. Qe5 f5 20. Bb2 Qd7
21. Rd1 b6 22. O-O Rd6 23. h3 Rg6 24. Nxe4 Qe6 25. Rd8+ Kf7 26. Qxc7+ Bd7 27. Nd6+ Ke7 28. Rxa8
1-0

[Event "only players under 2000"]
[Site "SchemingMind.com"]
[Date "2017.12.22"]
[Round "-"]
[White "Black Knight"]
[Black "TheHornedReaper "]
[Result "0-1"]
[WhiteCountry "USA"]
[BlackCountry "ROU"]
[WhiteElo "1304"]
[WhiteRD "47"]
[BlackElo "1577"]
[BlackRD "91"]
[GameID "422301"]

1. e4 e6 2. d4 d5 3. e5 c5 4. Nf3 Qb6 5. c3 Nc6 6. Be3 Qxb2 7. Nbd2 Qxc3 8. Rc1 Qa5 9. Qe2 cxd4 10. Bxd4 Nge7
11. Bc3 Qxa2 12. Nd4 Nxd4 13. Qd3 Qa4 14. Qxd4 Qxd4 15. Bxd4 Nc6 16. Bb5 Bd7 17. Bxc6 Bxc6 18. O-O Be7 19. Nb3 O-O 20. Nc5 Rfc8
21. f4 b6 22. Nd3 Rc7 23. Nb4 Bxb4 24. Rf2 Ba3 25. Bb2 Bc5
0-1

[Event "only players under 2000"]
[Site "SchemingMind.com"]
[Date "2017.12.23"]
[Round "-"]
[White "TheHornedReaper "]
[Black "Black Knight"]
[Result "1-0"]
[WhiteCountry "ROU"]
[BlackCountry "USA"]
[WhiteElo "1447"]
[WhiteRD "120"]
[BlackElo "1351"]
[BlackRD "51"]
[GameID "422302"]

1. e4 c5 2. Nf3 Nc6 3. d4 Nxd4 4. Nxd4 cxd4 5. Qxd4 e6 6. Nc3 Nf6 7. e5 Nd5 8. Nxd5 exd5 9. Qxd5 d6 10. Bb5+ Bd7
11. e6 Bxb5 12. exf7+ Ke7 13. Bg5+
1-0

[Event "only players under 2000"]
[Site "SchemingMind.com"]
[Date "2017.12.23"]
[Round "-"]
[White "pmdpsp"]
[Black "TheHornedReaper "]
[Result "1-0"]
[WhiteCountry "GER"]
[BlackCountry "ROU"]
[WhiteElo "1814"]
[WhiteRD "85"]
[BlackElo "1238"]
[BlackRD "57"]
[GameID "422303"]

1. c4 e5 2. Nc3 Nf6 3. d4 exd4 4. Qxd4 Nc6 5. Qd1 Bb4 6. Bd2 O-O 7. a3 Bxc3 8. Bxc3 d6 9. e3 Bf5 10. Be2 Qe7
11. Nf3 h6 12. O-O Rae8 13. b4 Ne5 14. Nxe5 dxe5 15. b5 Ne4 16. Bb4 Qg5 17. f4 exf4 18. exf4 Qg6 19. Bxf8 Rxf8 20. Qd4 Bh3
21. Bf3 Nd6 22. Kh1 Bf5 23. Rfe1 b6 24. Re7 Rc8 25. Rae1 Be6 26. Be2 Nf5 27. Bd3 Nxd4 28. Bxg6 fxg6 29. Rd1 Rd8 30. Rxc7 Kh7
31. Rb1 Bf5 32. Rd1 Nxb5 33. Rxd8 Nxc7 34. g3 Be6 35. Kg1 b5 36. cxb5 Nxb5 37. a4 Nc7 38. Rf8 a5 39. Kf2 Bb3 40. Rc8 Nd5
41. Rc5 Nb6 42. Rxa5 Nxa4 43. Ke1 Bc2 44. Kd2 Bb3 45. g4 Kg8 46. Ke3 Bd1 47. h3 Nb6 48. Kd4 Nd7 49. g5 Bh5 50. Ra7 Nf8
51. Ke5 hxg5 52. fxg5 Nh7 53. h4 Bg4 54. Kd6 Kf8 55. Ra4 Bf5 56. Rf4 Kf7 57. Ke5 Nf8 58. Kd6 Ne6 59. Rf2 Nf8 60. Ke5 Ne6
61. h5 Nxg5 62. hxg6+ Kxg6 63. Rxf5 Nf7+ 64. Kf4 Nh6 65. Rb5 Kf6 66. Rb6+ Kf7 67. Kg5 Ng8 68. Rb7+ Kf8 69. Kg6 Ne7+ 70. Kg5
1-0